| 000 | 00000nam 2200000zi 4500 |
| 001 | 9.932887 |
| 003 | CaOODSP |
| 005 | 20240513112323 |
| 006 | m o d f |
| 007 | cr cn||||||||| |
| 008 | 240124s2024 onc o f000 0 fre d |
| 020 | |a9780660697635 |
| 040 | |aCaOODSP|bfre|erda|cCaOODSP |
| 043 | |an-cn--- |
| 086 | 1 |aCi4-257/2024F-PDF |
| 245 | 00|aEntrée express : |bimmigrer au Canada dans le cadre d'Entrée express. |
| 264 | 1|a[Ottawa] : |bGouvernement du Canada = Government of Canada, |c[2024] |
| 300 | |a1 ressource en ligne (1 page) |
| 336 | |atexte|btxt|2rdacontent/fre |
| 337 | |ainformatique|bc|2rdamedia/fre |
| 338 | |aressource en ligne|bcr|2rdacarrier/fre |
| 500 | |aTitre de départ. |
| 500 | |aPublié aussi en anglais sous le titre : Express Entry: immigrate to Canada through Express Entry. |
| 650 | 6|aÉmigration assistée|zCanada. |
| 651 | 6|aCanada|xÉmigration et immigration|xPolitique gouvernementale. |
| 710 | 1 |aCanada. |bImmigration, réfugiés et citoyenneté Canada, |eorganisme de publication. |
| 775 | 08|tExpress Entry : |w(CaOODSP)9.932885 |
| 776 | 0#|tEntrée express : |w(CaOODSP)9.932890 |
| 856 | 40|qPDF|s100 Ko|uhttps://publications.gc.ca/collections/collection_2024/ircc/Ci4-257-2024-fra.pdf |
| 986 | |aIRCC-3750 |